Fruits Basket Character Quiz - Statistics

General Stats
  • This quiz has been taken 172 times
  • The average score is 11 of 15
Answer Stats
Hint Answer % Correct
stupid cat kyo
98%
stupid rat yuki
97%
a person too kind for the world tohru
94%
annoying pedo (dog) Shigure
87%
rabbit<3 momiji
80%
god akito
79%
snake boi Ayame
76%
cow>.< Hatsuharu
74%
doctor hatori
70%
lion(too cute for the earth) kisa
68%
a car crashed into me :/ kyoko
53%
wave girl ~~~ hanajima
51%
trashy parents rin
51%
monkey (i think) ritsu
50%
ms violent uotani
36%
No matching quizzes found
Score Distribution
Percent of People with Each Score
Percentile by Number Answered
Your Score History
You have not taken this quiz